Sports Quiz

Random Sports or Soccer Quiz

Everton players 2019/20 (all comps) Quiz Stats

 Plays Quiz not verified by Sporcle

Support Sporcle.
Go Orange.
Score 0/23 Timer 10:00
0 Plays Today
Country Answer % Correct
EnglandJordan Pickford
100%
FranceLucas Digne
98.9%
IcelandGylfi Sigurdsson
98.9%
BrazilRicharlison
98.9%
ColombiaYerry Mina
96.8%
IrelandSeamus Coleman
96.8%
PortugalAndre Gomes
96.8%
EnglandDominic Calvert-Lewin
96.8%
ItalyMoise Kean
95.8%
TurkeyCenk Tosun
94.7%
BrazilBernard
93.7%
England Michael Keane
92.6%
Country Answer % Correct
EnglandLeighton Baines
92.6%
FranceMorgan Schneiderlin
89.5%
England Tom Davies
88.4%
NigeriaAlex Iwobi
87.4%
FranceDjibril Sidibe
86.3%
EnglandMason Holgate
84.2%
EnglandTheo Walcott
83.2%
SenegalOmar Niasse
81.1%
Ivory CoastJean-Philippe Gbamin
72.6%
EnglandFabian Delph
55.8%
EnglandAnthony Gordon
24.2%

You're not logged in!

Compare scores with friends on all Sporcle quizzes.
OR
Log In

From the Vault

Movie Word Quintets VIII

by Larryholmes79

Is five the threshold for the number of movies needed before a screening becomes a festival?
Remove Ads.
Support Sporcle.
Get the best of Sporcle when you Go Orange. This ad-free experience offers more features, more stats, and more fun while also helping to support Sporcle. Thank you for becoming a member.

Show Comments

Extras

Top Quizzes Today


Score Distribution

Your Account Isn't Verified!

In order to create a playlist on Sporcle, you need to verify the email address you used during registration. Go to your Sporcle Settings to finish the process.

Report this User

Report this user for behavior that violates our Community Guidelines.

Details: